| 000 | 00457nam a2200145Ia 4500 | ||
|---|---|---|---|
| 008 | 220216s9999 xx 000 0 und d | ||
| 100 | _aVarghese Y.A. | ||
| 245 | 0 | _aRubber breeding | |
| 260 |
_bProceedings of the Seminar on Strategies of Tree Breeding in Kerala, Kariavattom, University of Kerala, India, pp. 11-21. _c1997 |
||
| 650 | _aBreeding | ||
| 650 | _aCrop improvement | ||
| 700 | _aSaraswathyamma C.K. | ||
| 700 | _aSethuraj M.R. | ||
| 942 | _cBS | ||
| 999 |
_c53018 _d53018 |
||